000 00722nam a2200229Ia 4500
001 9450
003 GE_BSU
008 181216s||||||||xx |||||||||||||| ||und||
040 _cGE_BSU
080 _a821.353.1–32
100 _aმანჯგალაძე,ნიკო
245 _aმომინახეთ მამა
245 _bმოთხრობები
245 _cრედ.ო.კუპრავა,მხატვ.ვ.მდინარაძე
260 _aთბილისი
260 _bმერანი
260 _c1969
300 _a159გვ.ილ.16სმ.
653 _aმოთხრობები
653 _aმომინახეთ მამა
942 _cBK
999 _c42744
_d42744